مؤلفات ابن الجوزي Muʼallafāt Ibn al-Jawzī / (Record no. 80874)
[ view plain ]
| 000 -LEADER | |
|---|---|
| fixed length control field | 01101nam a2200277 a 4500 |
| 001 - CONTROL NUMBER | |
| control field | 80874 |
| 003 - CONTROL NUMBER IDENTIFIER | |
| rucl marc code | BD-RjUL |
| 005 - DATE AND TIME OF LATEST TRANSACTION | |
| control field | 20221201130808.0 |
| 008 - FIXED-LENGTH DATA ELEMENTS--GENERAL INFORMATION | |
| fixed length control field | 221201s1965 ir 000 0 ara d |
| 035 ## - SYSTEM CONTROL NUMBER | |
| System control number | (BD-RjUL)80874 |
| 040 ## - CATALOGING SOURCE | |
| Original cataloging agency | NNL |
| Language of cataloging | ara |
| Transcribing agency | BD-RjUL |
| 041 ## - LANGUAGE CODE | |
| Language code of text/sound track or separate title | ara |
| 082 ## - DEWEY DECIMAL CLASSIFICATION NUMBER | |
| Edition number | 23 |
| Classification number | 297.092 |
| Author mark and year | ALM 1965 |
| 100 1# - MAIN ENTRY--PERSONAL NAME | |
| Personal name | Allouji, Abdul Hamid علوجي، عبد الحميد |
| 9 (RLIN) | 6111 |
| 245 10 - TITLE STATEMENT | |
| Title | مؤلفات ابن الجوزي Muʼallafāt Ibn al-Jawzī / |
| Statement of responsibility, etc. | تأليف عبد الحميد العلوجي taʼlīf ʻAbd al-Ḥamīd al-ʻAlwajī.,. |
| 260 ## - PUBLICATION, DISTRIBUTION, ETC. (IMPRINT) | |
| Place of publication, distribution, etc. | Bagdad : |
| Name of publisher, distributor, etc. | ،شركة دار الجمهورية |
| Date of publication, distribution, etc. | 1965 |
| 300 ## - PHYSICAL DESCRIPTION | |
| Pagination | 290 ص ؛ |
| Size | ٢٤ س. |
| 490 ## - SERIES STATEMENT | |
| Series statement | Silsilat al-kutub al-ḥadīthah ; |
| Volume/sequential designation | 9 |
| 500 ## - GENERAL NOTE | |
| General note | صفحة غلاف اضافية بالانكليزية |
| 600 ## - SUBJECT ADDED ENTRY--PERSONAL NAME | |
| Personal name | Ibn al-Jawzī, Abū al-Faraj ʻAbd al-Raḥmān ibn ʻAlī, |
| 650 ## - SUBJECT ADDED ENTRY--TOPICAL TERM | |
| Topical term or geographic name as entry element | Bibliography |
| 710 2# - ADDED ENTRY--CORPORATE NAME | |
| Corporate name or jurisdiction name as entry element | مركز المخطوطات والتراث والوثائق |
| 9 (RLIN) | 6113 |
| 830 ## - SERIES ADDED ENTRY--UNIFORM TITLE | |
| Uniform title | Silsilat al-kutub al-ḥadīthah ; |
| Volume number/sequential designation | 9 |
| 942 ## - ADDED ENTRY ELEMENTS (KOHA) | |
| Source of classification or shelving scheme | Dewey Decimal Classification |
| Koha item type | Books |
| 990 ## - EQUIVALENCES OR CROSS-REFERENCES [LOCAL, CANADA] | |
| Link information for 9XX fields | universities |
| Lost status | Source of classification or shelving scheme | Damaged status | Not for loan | Collection code | Permanent Location | Current Location | Shelving location | Date acquired | Full call number | Date last seen | Copy number | Koha item type | Source of acquisition | Total Checkouts |
|---|---|---|---|---|---|---|---|---|---|---|---|---|---|---|
| Dewey Decimal Classification | Not For Loan | Non-fiction | Central Library, University of Rajshahi | Central Library, University of Rajshahi | Reading Room | 13/08/1994 | A 297.092 ALM 1965 | 01/12/2022 | C-1 | Books | ||||
| Dewey Decimal Classification | Non-fiction | Central Library, University of Rajshahi | Central Library, University of Rajshahi | General Stacks | 15/01/2023 | A 297.092 ALM 1965 | 15/01/2023 | C-2 | Books | 13/08/1994 |